00376nam a22001217a 4500008004100000100002500041245001900066260004500085300001000130942000700140952009000147999001700237240603b |||||||| |||| 00| 0 eng d aIshwar Anchal915090 aGund Piyo Gare aBombay :bKalkama Kitab Ghar Pub.c1967. a120p. cBK 01104070aRNLbRNLcGENd2023-01-03eDDCg5.00l0p9402r2023-01-03w2023-01-03yBK c39439d39439